000 00798nam a2200217Ia 4500
003 GCL
008 140319s9999 xx 000 0 ara d
020 _a4690209960
040 _aGCL /
_cGCL
082 0 4 _a239.9
_bم ا
100 1 _aمحمد شريف عدنان الصواف
245 1 0 _aاخبار اجواد الصحابة عبدالله بن جعفر الطيار :
_bقطب السخاء /
_cمحمد شريف عدنان الصواف
250 _aالاولى
260 _aالرياض :
_bمكتبة العبيكان ،
_c2000
300 _a99 ص ؛
_c15 سم
490 _aاخبار اجواد الصحابة
_v7
650 0 4 _aالصحابة والتابعون
650 0 4 _aالقادة الدينيون
650 0 4 _aعبدالله بن جعفر الطيار
942 _2ddc
_cBK
999 _c3821
_d3821